THEORY OF NUMBERS (Record no. 10029)

MARC details
000 -LEADER
fixed length control field 00304nam a22001457a 4500
003 - CONTROL NUMBER IDENTIFIER
control field SGT
082 ## - DEWEY DECIMAL CLASSIFICATION NUMBER
Classification number 519.9,PUN
100 ## - MAIN ENTRY--PERSONAL NAME
Personal name PUNDIR,SUDHIR K
245 ## - TITLE STATEMENT
Title THEORY OF NUMBERS
250 ## - EDITION STATEMENT
Edition statement 1ST
260 ## - PUBLICATION, DISTRIBUTION, ETC. (IMPRINT)
Place of publication, distribution, etc MEERUT
Name of publisher, distributor, etc PRAGATI PRAKASHAN
Year of Publication 2015
300 ## - PAGE DESCRIPTION
No. of Pages 312
650 ## - SUBJECT ADDED ENTRY--TOPICAL TERM
Topical term or geographic name as entry element MATHEMATICS
942 ## - ADDED ENTRY ELEMENTS (KOHA)
Source of classification or shelving scheme Dewey Decimal Classification
Koha item type FPS Books
Holdings
Withdrawn status Lost status Source of classification or shelving scheme Damaged status Not for loan Collection code Home library Current library Shelving location Date acquired Vendor Name Cost, normal purchase price SGTU Bill Number Total Checkouts Full call number Accession No. (Barcode) Date last seen Date last borrowed Bill Date Koha item type
    Dewey Decimal Classification     SCIENCE SGT Science & Social Sciences Library SGT Science & Social Sciences Library Text Book 25/11/2016 PRAGATI PRAKASHAN 195.00 SGTU 7099 9 519.9,PUN PS2770 11/05/2018 09/05/2018 26/09/2016 FPS Books
    Dewey Decimal Classification     SCIENCE SGT Science & Social Sciences Library SGT Science & Social Sciences Library Text Book 25/11/2016 PRAGATI PRAKASHAN 195.00 SGTU 7099 3 519.9,PUN PS2771 11/09/2021 11/09/2021 26/09/2016 FPS Books